| 000 | 00844nam a2200229Ii 4500 | ||
|---|---|---|---|
| 003 | JO-AjNU | ||
| 008 | 230605s9999||||xx |||||||||||||| ||und|| | ||
| 017 | _a2002/16008 | ||
| 020 | _a977-337-131-X | ||
| 040 |
_aJO-AjNU _bara _erda _cJO-AjNU |
||
| 041 | _aara | ||
| 050 | 1 | 4 | _aPN1996 2002 |
| 100 | 3 |
_aترجمة نبيل، أميرة ؛ إشراف علمي عبد الرحمن توفيق, _eauthor _932316 |
|
| 245 | 0 | 0 | _aالسيناريو فن الحوار الإستراتيجي |
| 264 | 3 | 1 | _aالقاهرة: مركز الخبرات المهنية للإدارة، 2002 |
| 300 | _a206ص | ||
| 336 |
_atext _btxt _2rdacontent |
||
| 337 |
_aunmediated _bn _2rdamedia |
||
| 338 |
_avolume _bnc _2rdacarrier |
||
| 490 | 0 | _aسلسلة إصدارات بميك 43 | |
| 650 | 4 |
_aسيناريوهات - حوارات - فن الحوار _932317 |
|
| 999 |
_aA13032 _c16600 _d16600 |
||